Statistics for 2021-2022 UEFA Champions League Round of 16 Teams

Click here to take the quiz!

General Stats

  • This quiz has been taken 225 times
  • The average score is 15 of 16

Answer Stats

CountryTeam% Correct
FranceParis Saint-Germain
99%
GermanyBayern Munich
97%
ItalyInter Milan
97%
ItalyJuventus
97%
United Kingdom (England)Liverpool
97%
United Kingdom (England)Manchester City
97%
SpainReal Madrid
97%
United Kingdom (England)Chelsea
96%
United Kingdom (England)Manchester United
96%
NetherlandsAjax
95%
SpainAtlético Madrid
95%
PortugalBenfica
94%
PortugalSporting CP
87%
SpainVillarreal
87%
FranceLille
86%
AustriaRed Bull Salzburg
79%

Score Distribution

Percentile by Number Answered

Percent of People with Each Score

Your Score History

You have not taken this quiz